Αγγλικό Λεξιλόγιο #2 - Πατήστε την Εικόνα - Statistics

General Stats
  • This quiz has been taken 10 times
  • The average score is 23 of 24
Answers on the Map
Answers color-coded by a green-red scale on the quiz's map according to % correct below.
 
Answer Stats
Answer % Correct
A boat
100%
A bone
100%
A cat
100%
A cloud
100%
A heart
100%
A house
100%
A key
100%
A ladder
100%
A lobster
100%
A magnifying glass
100%
An egg
100%
An owl
100%
An umbrella
100%
A pig
100%
A sheep
100%
Cherries
100%
Fire
100%
A banana
89%
A hand
89%
A map
89%
A mouse
89%
An axe
89%
A pill
89%
A feather
78%
No matching quizzes found
Score Distribution
Percent of People with Each Score
Percentile by Number Answered
Your Score History
You have not taken this quiz